000 00760nam a22002417a 4500
003 UA-OsUOA
001 76018
007 ta
008 20110609b un ||||| |||| 00| 0 ukr d
100 _aГаманкова О.О.
090 _a368.01
_bГ18
942 _cBK
040 _aUA-OsUOA
_bukr
_cUA-OsUOA
_dUA-OsUOA
245 _aРинок страхових послуг України: теорія, методологія, практика
_bмонографія
300 _a283 с.
955 _a2
041 _aukr
080 _a368.01
020 _a978-966-483-232-5
260 _aК.
_bКНЕУ
_c2009
650 7 _a36 Забезпечення духовних та матеріальних життєвих потреб
_2UDC
999 _c362314
_d362314